| 000 | 00355nam a22001457a 4500 | ||
|---|---|---|---|
| 005 | 20200606104443.0 | ||
| 008 | 200606b xxu||||| |||| 00| 0 eng d | ||
| 082 | _a345.4 | ||
| 110 |
_a L.I.C _95787 |
||
| 245 | _aL.I.C 2005 (V-2) APRIL TO JUNE | ||
| 260 |
_aMUMBAI _bALL INDIA REPORTER PVT, LTD |
||
| 300 | _a2128;p | ||
| 650 |
_aLAW _95701 |
||
| 942 | _cJRL | ||
| 999 |
_c6833 _d6831 |
||